Geografía económica general (Registro nro. 5235)

Detalles MARC
000 -LEADER
fixed length control field 01647 a2200193 4500
001 - CONTROL NUMBER
control field 53384
005 - DATE AND TIME OF LATEST TRANSACTION
control field 20260407155808.0
008 - FIXED-LENGTH DATA ELEMENTS--GENERAL INFORMATION
fixed length control field 260407a1963 arg spa d
003 - CONTROL NUMBER IDENTIFIER
control field AR-UNSa-BCEJYS
040 ## - CATALOGING SOURCE
Original cataloging agency AR-UNSa-BCEJYS
Language of cataloging spa
Transcribing agency AR-UNSa-BCEJYS
080 ## - UNIVERSAL DECIMAL CLASSIFICATION NUMBER
Universal Decimal Classification number 911.3:33
Common auxiliary subdivision Geografía económica
100 1# - MAIN ENTRY--PERSONAL NAME
Personal name Lerner, Icael
245 10 - TITLE STATEMENT
Title Geografía económica general
264 #1 - PRODUCTION, PUBLICATION, DISTRIBUTION, MANUFACTURE, AND COPYRIGHT NOTICE
Place of production, publication, distribution, manufacture Buenos Aires :
Name of producer, publisher, distributor, manufacturer Bibliográfica Argentina
Date of production, publication, distribution, manufacture, or copyright notice 1963
300 ## - PHYSICAL DESCRIPTION
Extent 485 p.
Dimensions 23 cm.
505 ## - FORMATTED CONTENTS NOTE
Formatted contents note Primera Parte: NOCIONES FUNDAMENTALES: 1. Dominio de la ciencia geográfica - - Segunda Parte: EL HOMBRE COMO EL FACTOR ECONOMICO: 2. El hombre - - Tercera Parte: I. GEOGRAFIA DEL INSTRUMENTAL ECONOMICO: 3. La energía – 4. Combustibles minerales solidos – 5. Petróleo – 6. Energía eléctrica - - Tercera Parte: II. INSTRUMENTAL ECONOMICO: 7. Las comunicaciones – 8. Comunicaciones y transportes terrestres – 9. Comunicaciones y transportes acuáticos – 10. Otros medios de comunicación y transporte - - Tercera Parte: III. GEOGRAFIA DEL INSTRUMENTAL ECONOMICOS: 11. Las maquinarias – 12. Dique y obras de riego - - Cuarta Parte: GEOGRAFIA DE LA PRODUCCION: 13. Minería – 14. Minerales metalíferos – 15. Minerales no metalíferos – 16. Agropecuaria – 17. Cereales, vid, caña de azúcar, café, frutas, hortalizas, etc. – 18. Fibras textiles – 19. Oleaginosos, forestales – 20. Ganadería – 21. Industria manufacturera - - Quinta Parte: GEOGRAFIA DE LA CIRCULACION O DEL COMERCIO: 22. Factores del comercio - - Sexta Parte: GEOGRAFIA DEL CONSUMO: 23. El consumo cultural humano.
590 ## - LOCAL NOTE (RLIN)
Local note niveau_biblio:m niveau_hierar:0
942 ## - ADDED ENTRY ELEMENTS (KOHA)
Koha item type
Existencias
Withdrawn status Lost status Damaged status Not for loan Home library Current library Shelving location Date acquired Total checkouts Full call number Barcode Date last seen Price effective from Koha item type
        Biblioteca Prof. Eusebio Cleto del Rey Biblioteca Prof. Eusebio Cleto del Rey   07/04/2026   911.3:33 L614 L20380 07/04/2026 07/04/2026 Libro
        Biblioteca Prof. Eusebio Cleto del Rey Biblioteca Prof. Eusebio Cleto del Rey   07/04/2026   911.3:33 L614 L21320 07/04/2026 07/04/2026 Libro
        Biblioteca Prof. Eusebio Cleto del Rey Biblioteca Prof. Eusebio Cleto del Rey   07/04/2026   911.3:33 L614 L21319 07/04/2026 07/04/2026 Libro
        Biblioteca Prof. Eusebio Cleto del Rey Biblioteca Prof. Eusebio Cleto del Rey   07/04/2026   911.3:33 L614 L20935 07/04/2026 07/04/2026 Libro